1777 1306 1530 1394 1758 1890 1558 1247 1833 1730 1218 1824 1037 1631 1345 1315 1737 1793 1001 1048 1518 1215 1646 1285 1730 1955 1238 1331 1704 1110 1620 1171 1045 1623 1151 1806 1609 1745 1484 1733 1045 1161 1465 1559 1455 1219 1093 1431 1355 1186 1726 1175 1012 1589 1951 1711 1008 1279 1365 1643 1506 1895 1253 1739 1380 1115 1917 1440 1211 1427 1350 1157 1009 1833 1275 1195 1338 1380 1415 1200 1044 1902 1607 1891 1370 1981 1455 1079 1575 1840 1388 1631 1124 1318 1130 1335 1835 1136 1578 BCNSPRNW ULIB Ver.6.0+V

เปลี่ยนเป็นภาษาไทย

Change to English
 แสดงรายละเอียดบรรณานุกรม
  กลับหน้าหลัก

Brief Record : Get Marc (ISO 2709) : E-mail record : QR code < ปิดหน้าต่าง
LEADER : 00000nam 2200000uu 4500
001    13399121436
003     ULIB
008    120322s2551||||th 000 0 tha d
020    ^a9789744750983
090    ^aนว.^bท363ห
100 0  ^aทัศนาวดี
245 00 ^aหมู่บ้านแอโรบิก/^cทัศนาวดี
250    ^aพิมพ์ครั้งที่ 1
260    ^aกรุงเทพฯ :^bแพรวสำนักพิมพ์,^c2551
300    ^a137 หน้า
710 1  ^aแพรวสำนักพิมพ์
945    ^p110^l0^i15026
995    ^aทศพร
999    ^aใช้งานได้ทุกระบบ
รายการนี้ยังไม่มีแท็ก
คุณยังไม่ได้ล็อกอิน คุณสามารถมีกิจกรรมร่วมกับเว็บไซต์ได้ แต่ต้องล็อกอินก่อน ::
  ล็อกอิน

รายการสื่อสารสนเทศ

ลำดับที่ ประเภท เลขเรียก/บาร์โค้ด สถานที่ สถานะ
1. นวนิยาย
นวนิยาย
นว. ท363ห ฉ.1 
  Barcode: 15026
ห้องสมุดวิทยาเขตสวรรค์ประชารักษ์
►นวนิยาย
บนชั้น
  ขอยืม

BibComment


ยังไม่เคยถูกคอมเมนท์

คอมเมนท์ทรัพยากรรายการนี้
  คอมเมนท์: หมู่บ้านแอโรบิก ..


 Copyright 2026. Bcnsprnw @Library